| 000 | 01496nam a2200169 4500 | ||
|---|---|---|---|
| 999 |
_c3208 _d3208 |
||
| 020 | _a9780256247811 | ||
| 050 |
_aHD62.4 _b.B365 |
||
| 100 | _a Christopher A Bartlett; Sumantra Ghoshal | ||
| 245 |
_aTransnational management : _b text, cases, and readings in cross-border management _cChristopher A Bartlett; Sumantra Ghoshal |
||
| 250 | _a3rd ed. | ||
| 260 |
_a London : _bMcGraw-Hill, _c1999. |
||
| 300 |
_a800 p: _b ill, _c23 cm. |
||
| 500 | _aPrevious edition: Chicago, Ill.; London: Irwin, 1995. | ||
| 505 | _a Introduction -- Acknowledgments -- 1. Basics of Electronics Workbench and Multisim -- 2. Virtual Workbench: The Multisim Interface -- 3. Drawing with Multisim: Schematic Capture -- 4. Multisim Building Blocks: Components -- 5. Multisim Instruments -- 6. Multisim: Simulation and Analysis -- 7. Twenty-five Sample Circuits in Multisim V6 -- 8. Virtual Workbench: The EWB Interface -- 9. Drawing with EWB: Schematic Capture -- 10. EWB Building Blocks: Components -- 11. EWB Instruments -- 12. EWB V5: Simulation and Analysis -- 13. Twenty-five Circuits in EWB V5 -- 14. Unleashing Multisim/EWB -- Customization, Tricks, and Power Techniques -- 15. SPICE and Netlists -- 16. Layout and Other EWB(IIT) Software -- A: Website Addresses -- B. EWB5 and Multisim 6 Product Ordering/ Registering Information -- C: Electronics Workbench Contact Information -- D: About the CD -- Index. | ||
| 650 |
_a -- Management. _x International business enterprises |
||
| 942 | _cBK | ||